[Event "Creon op 16th"]
[Site "Creon"]
[Date "2011.08.06"]
[Round "8"]
[White "Monteau, Luc"]
[Black "Duffau, Pascal"]
[Result "1-0"]
[WhiteElo "2146"]
[BlackElo "1974"]
[PlyCount "61"]
[EventDate "2011.08.01"]
[EventType "swiss"]
[EventRounds "9"]
[EventCountry "FRA"]
[SourceTitle "CBM 143 Extra"]
[Source "ChessBase"]
[SourceDate "2011.08.29"]
[SourceVersion "1"]
[SourceVersionDate "2011.08.29"]
[SourceQuality "1"]

1. e4 e6 2. d4 d5 3. Nc3 Bb4 4. e5 c5 5. a3 Ba5 6. b4 cxb4 7. Nb5 Nc6 8. axb4 Bxb4+ 9. c3 Be7 10. Qg4 Kf8 11. Nf3 Bd7 12. Ba3 f5 13. Qf4 Nh6 14. h4 Nf7 15. Ng5 Nxg5 16. hxg5 Kg8 17. Bxe7 Nxe7 18. Nd6 Bc6 19. g4 Qb6 20. gxf5 Qb2 21. Rc1 Nxf5 22. Bh3 Rf8 23. Bxf5 exf5 24. 0-0 h5 25. Rfe1 Kh7 26. e6 g6 27. e7 Rfg8 28. Nxf5 gxf5 29. Qxf5+ Rg6 30. Qf7+ Rg7 31. Qxh5+ 1-0

[Event "Syre Memorial op 34th"]
[Site "Issy les Moulineaux"]
[Date "2011.06.03"]
[Round "2"]
[White "Duffau, Pascal"]
[Black "Bacon, Jean Pierre"]
[Result "1/2-1/2"]
[WhiteElo "1995"]
[BlackElo "1829"]
[PlyCount "33"]
[EventDate "2011.06.03"]
[EventType "swiss"]
[EventRounds "6"]
[EventCountry "FRA"]
[SourceTitle "EXT 2012"]
[Source "ChessBase"]
[SourceDate "2011.11.24"]
[SourceVersion "1"]
[SourceVersionDate "2011.11.24"]
[SourceQuality "1"]

1. Nf3 Nf6 2. c4 e6 3. Nc3 d5 4. e3 c5 5. d4 Nc6 6. a3 Bd7 7. Bd3 Be7 8. 0-0 0-0 9. Qe2 cxd4 10. exd4 dxc4 11. Bxc4 Rc8 12. Bg5 Nd5 13. Bxe7 Ncxe7 14. Ne4 Bc6 15. Rfe1 Nf4 16. Qf1 Bd5 17. Ned2 1/2-1/2

[Event "St Chely d'Aubrac op 10th"]
[Site "St Chely d'Aubrac"]
[Date "2010.07.17"]
[Round "9"]
[White "Duffau, Pascal"]
[Black "Massoni, Michael"]
[Result "0-1"]
[WhiteElo "2034"]
[BlackElo "2308"]
[PlyCount "62"]
[EventDate "2010.07.10"]
[EventType "swiss"]
[EventRounds "9"]
[EventCountry "FRA"]
[SourceTitle "CBM 137 Extra"]
[Source "ChessBase"]
[SourceDate "2010.09.01"]
[SourceVersion "1"]
[SourceVersionDate "2010.09.01"]
[SourceQuality "1"]

1. Nf3 Nf6 2. c4 g6 3. Nc3 d5 4. e3 Bg7 5. cxd5 Nxd5 6. Bc4 Nb6 7. Bb3 c5 8. d4 cxd4 9. exd4 Nc6 10. Be3 0-0 11. h3 Na5 12. Bc2 Nac4 13. Qe2 Bd7 14. 0-0 Nxb2 15. Bxg6 hxg6 16. Qxb2 Bc6 17. Ne5 Rc8 18. Nxc6 Rxc6 19. Rfd1 Qd7 20. a4 Rfc8 21. Rac1 Nxa4 22. Nxa4 Rxc1 23. Rxc1 Rxc1+ 24. Qxc1 Qxa4 25. Qc8+ Kh7 26. Qxb7 Bf6 27. Kh2 a5 28. Qc7 Qb4 29. Qf4 a4 30. g4 Kg8 31. Qc7 a3 0-1

[Event "St Chely d'Aubrac op 10th"]
[Site "St Chely d'Aubrac"]
[Date "2010.07.11"]
[Round "2"]
[White "Duffau, Pascal"]
[Black "Apicella, Manuel"]
[Result "0-1"]
[WhiteElo "2034"]
[BlackElo "2529"]
[PlyCount "76"]
[EventDate "2010.07.10"]
[EventType "swiss"]
[EventRounds "9"]
[EventCountry "FRA"]
[SourceTitle "CBM 137 Extra"]
[Source "ChessBase"]
[SourceDate "2010.09.01"]
[SourceVersion "1"]
[SourceVersionDate "2010.09.01"]
[SourceQuality "1"]

1. Nf3 Nf6 2. c4 g6 3. Nc3 Bg7 4. e4 d6 5. d4 0-0 6. Be2 Nbd7 7. 0-0 e5 8. d5 Nc5 9. Nd2 a5 10. b3 Ne8 11. a3 f5 12. f3 Bh6 13. Rb1 Be3+ 14. Kh1 f4 15. b4 axb4 16. axb4 Na6 17. Qe1 g5 18. Nd1 Ba7 19. Nb3 Rf6 20. Nf2 Rh6 21. Qc3 Nf6 22. c5 Qe8 23. Kg1 Qh5 24. h3 Qh4 25. Ba3 b6 26. Rfc1 bxc5 27. bxc5 Qg3 28. Nh1 Qh4 29. Nf2 Nd7 30. Qa5 dxc5 31. Nxc5 Naxc5 32. Bxc5 Nxc5 33. Rxc5 Bxc5 34. Qxa8 Qxf2+ 35. Kh1 Qxe2 36. Qxc8+ Bf8 37. Qxc7 g4 38. fxg4 f3 0-1

[Event "St Chely d'Aubrac op 9th"]
[Site "St Chely d'Aubrac"]
[Date "2009.07.14"]
[Round "5"]
[White "Lagunes, Jean Renaud"]
[Black "Duffau, Pascal"]
[Result "1-0"]
[WhiteElo "2096"]
[BlackElo "2027"]
[PlyCount "41"]
[EventDate "2009.07.11"]
[EventType "swiss"]
[EventRounds "9"]
[EventCountry "FRA"]
[SourceTitle "EXT 2010"]
[Source "ChessBase"]
[SourceDate "2010.11.25"]
[SourceVersion "1"]
[SourceVersionDate "2010.11.25"]
[SourceQuality "1"]

1. e4 e6 2. d4 d5 3. Nc3 Bb4 4. e5 c5 5. a3 Ba5 6. dxc5 Bxc3+ 7. bxc3 Qa5 8. Nf3 Nc6 9. Bb2 Qxc5 10. a4 Bd7 11. Bb5 Na5 12. Bxd7+ Kxd7 13. 0-0 Nc4 14. Bc1 Ne7 15. Qe2 Ng6 16. Rb1 Rab8 17. h4 h6 18. h5 Ne7 19. Rd1 a6 20. Nd4 Nc6 21. Nb3 1-0

[Event "Creon op 13th"]
[Site "Creon"]
[Date "2008.08.03"]
[Round "9"]
[White "Passager, Jean Pierre"]
[Black "Duffau, Pascal"]
[Result "0-1"]
[WhiteElo "2235"]
[BlackElo "2019"]
[PlyCount "38"]
[EventDate "2008.07.28"]
[EventType "swiss"]
[EventRounds "9"]
[EventCountry "FRA"]
[SourceTitle "CBM 125 Extra"]
[Source "ChessBase"]
[SourceDate "2008.09.01"]
[SourceVersion "1"]
[SourceVersionDate "2008.09.01"]
[SourceQuality "1"]

1. d4 d5 2. c4 c6 3. cxd5 cxd5 4. Nc3 Nc6 5. Bf4 Nf6 6. e3 Bf5 7. Bb5 e6 8. Nf3 Be7 9. Ne5 Qb6 10. 0-0 0-0 11. Bxc6 bxc6 12. g4 Bg6 13. g5 Nh5 14. Nd7 Qxb2 15. Na4 Qb7 16. Nxf8 Rxf8 17. Qb3 Qc8 18. f3 Nxf4 19. exf4 Bd6 0-1

[Event "Creon op 12th"]
[Site "Creon"]
[Date "2007.08.01"]
[Round "4"]
[White "Ippolito, Manuel"]
[Black "Duffau, Pascal"]
[Result "1-0"]
[WhiteElo "2280"]
[BlackElo "2011"]
[PlyCount "45"]
[EventDate "2007.07.30"]
[EventType "swiss"]
[EventRounds "9"]
[EventCountry "FRA"]
[SourceTitle "CBM 119 Extra"]
[Source "ChessBase"]
[SourceDate "2007.09.04"]
[SourceVersion "1"]
[SourceVersionDate "2007.09.04"]
[SourceQuality "1"]

1. Nf3 Nf6 2. g3 b6 3. Bg2 Bb7 4. 0-0 e6 5. c4 Be7 6. d4 0-0 7. Nc3 d5 8. cxd5 exd5 9. Bf4 Na6 10. Rc1 c5 11. Qa4 Re8 12. Rfd1 Bd6 13. Bg5 Nb4 14. Rd2 h6 15. Bxf6 Qxf6 16. dxc5 bxc5 17. a3 d4 18. Nb5 Na6 19. Nfxd4 Bxg2 20. Qxa6 Bh3 21. Qxd6 Qxd6 22. Nxd6 Red8 23. Nb3 1-0

[Event "St Chely d'Aubrac op 7th"]
[Site "St Chely d'Aubrac"]
[Date "2007.07.16"]
[Round "3"]
[White "Saucey, Michel"]
[Black "Duffau, Pascal"]
[Result "1-0"]
[WhiteElo "2347"]
[BlackElo "2011"]
[PlyCount "45"]
[EventDate "2007.07.07"]
[EventType "swiss"]
[EventRounds "9"]
[EventCountry "FRA"]
[SourceTitle "EXT 2008"]
[Source "ChessBase"]
[SourceDate "2007.11.25"]
[SourceVersion "1"]
[SourceVersionDate "2007.11.25"]
[SourceQuality "1"]

1. d4 Nf6 2. Nf3 e6 3. c4 b6 4. g3 Bb7 5. Bg2 Be7 6. 0-0 0-0 7. Nc3 d5 8. cxd5 exd5 9. Bf4 Na6 10. Ne5 c5 11. dxc5 bxc5 12. Qb3 Rb8 13. Nxf7 Rxf7 14. Bxb8 Qxb8 15. Nxd5 Bxd5 16. Bxd5 Nxd5 17. Qxd5 Bf6 18. Rad1 Qf8 19. Qe6 Nc7 20. Qc4 Kh8 21. b3 Qe7 22. Rd3 Ne6 23. Re3 1-0

[Event "Syre Memorial op 30th"]
[Site "Issy les Moulineaux"]
[Date "2007.05.17"]
[Round "2"]
[White "Duffau, Pascal"]
[Black "Cita, Mickael"]
[Result "1-0"]
[WhiteElo "2028"]
[BlackElo "1872"]
[PlyCount "43"]
[EventDate "2007.05.17"]
[EventType "swiss"]
[EventRounds "6"]
[EventCountry "FRA"]
[SourceTitle "EXT 2008"]
[Source "ChessBase"]
[SourceDate "2007.11.25"]
[SourceVersion "1"]
[SourceVersionDate "2007.11.25"]
[SourceQuality "1"]

1. Nf3 Nf6 2. c4 g6 3. Nc3 d5 4. cxd5 Nxd5 5. e3 Bg7 6. Bc4 Nb6 7. Bb3 c5 8. d4 cxd4 9. exd4 0-0 10. 0-0 Nc6 11. Be3 Na5 12. Bc2 Be6 13. Ng5 Bc4 14. Re1 Nd5 15. Qg4 f5 16. Qh4 Nf6 17. d5 Qd6 18. Rad1 Rfc8 19. Bd4 h5 20. Ne6 Rf8 21. Bc5 Qd7 22. Nxg7 1-0

[Event "St Chely d'Aubrac op 5th"]
[Site "St Chely d'Aubrac"]
[Date "2005.07.13"]
[Round "6"]
[White "Tassetti, Matthieu"]
[Black "Duffau, Pascal"]
[Result "1/2-1/2"]
[WhiteElo "1956"]
[BlackElo "2038"]
[PlyCount "52"]
[EventDate "2005.07.09"]
[EventType "swiss"]
[EventRounds "9"]
[EventCountry "FRA"]
[SourceTitle "CBM 107 Extra"]
[Source "ChessBase"]
[SourceDate "2005.09.01"]
[SourceVersion "1"]
[SourceVersionDate "2005.09.01"]
[SourceQuality "1"]

1. Nf3 Nf6 2. g3 b6 3. Bg2 Bb7 4. 0-0 e6 5. d3 d5 6. c3 Be7 7. Nbd2 0-0 8. Re1 c5 9. Qc2 Nc6 10. e4 Rc8 11. Nf1 b5 12. Qe2 a5 13. N3d2 b4 14. f4 Ba6 15. e5 Nd7 16. Nf3 a4 17. c4 Nb6 18. b3 dxc4 19. dxc4 Na5 20. Qc2 Qc7 21. Be3 Rfd8 22. N1d2 Bb7 23. g4 Rd7 24. f5 Nc6 25. Bf2 Rcd8 26. Ne4 Nd4 1/2-1/2

[Event "St Chely d'Aubrac op 5th"]
[Site "St Chely d'Aubrac"]
[Date "2005.07.10"]
[Round "2"]
[White "Ivanov, Mikhail M"]
[Black "Duffau, Pascal"]
[Result "1-0"]
[WhiteElo "2462"]
[BlackElo "2038"]
[PlyCount "67"]
[EventDate "2005.07.09"]
[EventType "swiss"]
[EventRounds "9"]
[EventCountry "FRA"]
[SourceTitle "CBM 107 Extra"]
[Source "ChessBase"]
[SourceDate "2005.09.01"]
[SourceVersion "1"]
[SourceVersionDate "2005.09.01"]
[SourceQuality "1"]

1. Nf3 Nf6 2. c4 e6 3. Nc3 d5 4. d4 Be7 5. Bg5 Nbd7 6. e3 0-0 7. Qc2 c6 8. Rd1 b6 9. Be2 Bb7 10. 0-0 Rc8 11. e4 Nxe4 12. Bxe7 Qxe7 13. Nxe4 dxe4 14. Qxe4 Rfd8 15. Rfe1 Nf6 16. Qe3 Qc7 17. c5 Nd5 18. Qa3 b5 19. g3 a5 20. h4 Ra8 21. Ne5 Ba6 22. Bh5 g6 23. Bf3 b4 24. Qa4 Bb5 25. Qc2 Rab8 26. h5 Qe7 27. Qd2 Rb7 28. hxg6 hxg6 29. Kg2 Qf6 30. Rh1 Qg7 31. Rh6 g5 32. Rdh1 Nf4+ 33. gxf4 gxf4+ 34. Ng4 1-0

[Event "Syre Memorial op 28th"]
[Site "Issy les Moulineaux"]
[Date "2005.05.08"]
[Round "6"]
[White "Piot, Olivier"]
[Black "Duffau, Pascal"]
[Result "1/2-1/2"]
[WhiteElo "2265"]
[BlackElo "2039"]
[PlyCount "147"]
[EventDate "2005.05.05"]
[EventType "swiss"]
[EventRounds "6"]
[EventCountry "FRA"]
[SourceTitle "EXT 2007"]
[Source "ChessBase"]
[SourceDate "2006.11.23"]
[SourceVersion "1"]
[SourceVersionDate "2006.11.23"]
[SourceQuality "1"]

1. d4 Nf6 2. c4 e6 3. Nc3 d5 4. cxd5 exd5 5. Bg5 Be7 6. e3 Nbd7 7. Bd3 0-0 8. Nge2 c6 9. 0-0 Re8 10. f3 Nf8 11. Bh4 Ne6 12. Kh1 g6 13. Qc2 b6 14. Rad1 Bb7 15. Bf2 Rc8 16. Qd2 Bf8 17. Rfe1 a6 18. Bc2 Qc7 19. Bg3 Bd6 20. e4 Bxg3 21. Nxg3 Qf4 22. Qd3 Rcd8 23. e5 Nd7 24. Nce2 Qh6 25. f4 c5 26. f5 Nxd4 27. Nxd4 cxd4 28. Qxd4 Qg7 29. f6 Qh6 30. Bf5 gxf5 31. Nxf5 Qg5 32. Nd6 Rb8 33. Re3 Kf8 34. Rg3 Qh5 35. Rg7 Rxe5 36. Rxf7+ Qxf7 37. Nxf7 Kxf7 38. h4 Re4 39. Qf2 Rg8 40. Rc1 Nc5 41. a3 d4 42. b4 Ne6 43. Rc2 Rgg4 44. Qf5 Rxh4+ 45. Kg1 Re1+ 46. Kf2 Rf4+ 47. Qxf4 Nxf4 48. Kxe1 Nxg2+ 49. Kd2 Kxf6 50. Rc7 Be4 51. Rd7 Ke5 52. a4 a5 53. bxa5 bxa5 54. Ra7 Ne3 55. Rxa5+ Kf4 56. Rc5 Nf5 57. a5 h5 58. Rc8 h4 59. Rh8 Kg3 60. Rg8+ Kf2 61. Re8 Bf3 62. Rh8 Kg2 63. Kd3 h3 64. Rg8+ Kf1 65. Rh8 Kg2 66. Rg8+ Ng3 67. Rh8 h2 68. Rxh2+ Kxh2 69. Kxd4 Nf5+ 70. Ke5 Ne7 71. Kd6 Nc8+ 72. Kc7 Na7 73. Kb6 Nc8+ 74. Kc7 1/2-1/2

[Event "Syre Memorial op 28th"]
[Site "Issy les Moulineaux"]
[Date "2005.05.05"]
[Round "1"]
[White "Duffau, Pascal"]
[Black "Herard, Patrick"]
[Result "1-0"]
[WhiteElo "2039"]
[BlackElo "2190"]
[PlyCount "53"]
[EventDate "2005.05.05"]
[EventType "swiss"]
[EventRounds "6"]
[EventCountry "FRA"]
[SourceTitle "EXT 2007"]
[Source "ChessBase"]
[SourceDate "2006.11.23"]
[SourceVersion "1"]
[SourceVersionDate "2006.11.23"]
[SourceQuality "1"]

1. Nf3 Nf6 2. c4 c5 3. Nc3 Nc6 4. d4 cxd4 5. Nxd4 g6 6. e4 d6 7. Be2 Bg7 8. Be3 Bd7 9. 0-0 0-0 10. f4 Ne8 11. Qd2 Nc7 12. Rad1 Ne6 13. Nf3 Be8 14. f5 Nc5 15. Bh6 Qa5 16. a3 Nb3 17. Qf4 f6 18. Qh4 Bf7 19. Nd5 Rfe8 20. Rd3 Qc5+ 21. Kh1 Nca5 22. Rc3 g5 23. Bxg5 fxg5 24. Nxg5 h6 25. Ne6 Bxe6 26. Rg3 Bxd5 27. Qxh6 1-0

[Event "Issy les Moulineaux tt"]
[Site "Issy les Moulineaux"]
[Date "2005.03.20"]
[Round "4"]
[White "Lam, Sophie"]
[Black "Duffau, Pascal"]
[Result "1-0"]
[WhiteElo "2044"]
[BlackElo "2039"]
[PlyCount "53"]
[EventDate "2004.11.21"]
[EventType "team-tourn"]
[EventRounds "7"]
[EventCountry "FRA"]
[SourceTitle "EXT 2007"]
[Source "ChessBase"]
[SourceDate "2006.11.23"]
[SourceVersion "1"]
[SourceVersionDate "2006.11.23"]
[SourceQuality "1"]

1. e4 e6 2. d4 d5 3. Nd2 c5 4. dxc5 Bxc5 5. Nb3 Bd6 6. exd5 exd5 7. c3 Ne7 8. Bd3 Nbc6 9. Ne2 Qc7 10. Nbd4 a6 11. h3 0-0 12. 0-0 b5 13. Bc2 Re8 14. Be3 Bb7 15. Nxc6 Bxc6 16. Nd4 Bb7 17. Qd3 Ng6 18. a3 Rad8 19. Rfe1 Bc8 20. Bg5 Be7 21. Bxe7 Rxe7 22. Rxe7 Qxe7 23. Nc6 Qd6 24. Nxd8 Qxd8 25. Rd1 Be6 26. Qd4 Qg5 27. Qa7 1-0

[Event "Issy les Moulineaux tt"]
[Site "Issy les Moulineaux"]
[Date "2004.11.21"]
[Round "1.4"]
[White "Duffau, Pascal"]
[Black "Charpentier, Philippe"]
[Result "1-0"]
[WhiteElo "2067"]
[BlackElo "2098"]
[PlyCount "63"]
[EventDate "2004.11.21"]
[EventType "team-tourn"]
[EventRounds "7"]
[EventCountry "FRA"]
[SourceTitle "EXT 2007"]
[Source "ChessBase"]
[SourceDate "2006.11.23"]
[SourceVersion "1"]
[SourceVersionDate "2006.11.23"]
[SourceQuality "1"]

1. Nf3 d5 2. c4 e6 3. e3 Nf6 4. Nc3 Nbd7 5. d4 c6 6. Bd3 dxc4 7. Bxc4 b5 8. Bd3 a6 9. 0-0 Bb7 10. e4 c5 11. e5 cxd4 12. Nxb5 axb5 13. exf6 Qxf6 14. Bxb5 Bxf3 15. Qxf3 Qxf3 16. gxf3 Rb8 17. a4 Bd6 18. Rd1 e5 19. f4 f6 20. fxe5 fxe5 21. Re1 g5 22. Re4 h6 23. h4 Rg8 24. hxg5 hxg5 25. Rg4 Be7 26. f4 Kd8 27. fxe5 Nxe5 28. Rxd4+ Kc7 29. Kg2 Bc5 30. Rd5 Bd6 31. Bd2 Nd7 32. Rc1+ 1-0

[Event "FRA-chT2 0405"]
[Site "France"]
[Date "2004.10.10"]
[Round "1.8"]
[White "Duffau, Pascal"]
[Black "Charmeteau, Sven"]
[Result "1/2-1/2"]
[WhiteElo "2069"]
[BlackElo "2026"]
[PlyCount "81"]
[EventDate "2004.10.10"]
[EventType "team-tourn"]
[EventRounds "11"]
[EventCountry "FRA"]
[SourceTitle "EXT 2006"]
[Source "ChessBase"]
[SourceDate "2005.11.24"]
[SourceVersion "1"]
[SourceVersionDate "2005.11.24"]
[SourceQuality "1"]
[WhiteTeam "Issy les Moulineaux"]
[BlackTeam "Gonfreville II"]
[WhiteTeamCountry "FRA"]
[BlackTeamCountry "FRA"]

1. Nf3 d5 2. c4 c6 3. e3 Nf6 4. Nc3 Nbd7 5. d4 e6 6. Bd3 Bd6 7. 0-0 b6 8. cxd5 exd5 9. e4 dxe4 10. Nxe4 Be7 11. Bf4 0-0 12. Rc1 Nd5 13. Be5 f6 14. Bd6 Bb7 15. Re1 Re8 16. Bxe7 Rxe7 17. Nd6 Qb8 18. Nxb7 Qxb7 19. Rxe7 Nxe7 20. Qe2 Nf8 21. b4 Rd8 22. b5 cxb5 23. Bxb5 Kf7 24. Qc4+ Ne6 25. Re1 Rd6 26. Qd3 g6 27. Bc4 Nd5 28. Qe4 Qc6 29. Bb3 b5 30. h4 a5 31. h5 a4 32. hxg6+ hxg6 33. Bc2 Ndf4 34. g3 Qxe4 35. Bxe4 Nd5 36. Rc1 Nb6 37. Bc6 b4 38. d5 Nd8 39. Rc5 Nxc6 40. dxc6 Rd5 41. Rc1 1/2-1/2